| 000 | 01237cam a2200361 a 4500 | ||
|---|---|---|---|
| 001 | 17598612 | ||
| 005 | 20170105102914.0 | ||
| 008 | 120716s2012 ii af g 001 0aeng d | ||
| 010 | _a 2013315237 | ||
| 020 | _a9788174369109 | ||
| 020 | _a8174369104 | ||
| 025 | _aI-E-2013-315237; 92-92; 61-92; 62-92 | ||
| 035 | _a(OCoLC)ocn803372610 | ||
| 035 | _a(OCoLC)803372610 | ||
| 037 | _aLibrary of Congress -- New Delhi Overseas Office | ||
| 040 |
_aDKAGE _beng _cDKAGE _dOCLCO _dUKMGB _dTXA _dDLC |
||
| 042 |
_alccopycat _alcode |
||
| 043 | _aa-ii--- | ||
| 050 | 0 | 0 |
_aPN5376.N385 _bA3 2012 |
| 082 | 0 | 4 |
_a070.92 _223 |
| 100 | 1 |
_aNayar, Kuldip, _d1923- |
|
| 245 | 1 | 0 |
_aBeyond the lines : _ban autobiography / _cKuldip Nayar. |
| 260 |
_aNew Delhi : _bLotus Collection, _c2012. |
||
| 300 |
_axii, 420 p., [32] p. of plates : _bill. ; _c24 cm. |
||
| 500 | _aIncludes index. | ||
| 520 | _aAutobiography of an Indian journalist, author, diplomat and parliamentarian. | ||
| 600 | 1 | 0 |
_aNayar, Kuldip, _d1923- |
| 650 | 0 |
_aJournalists _zIndia _vBiography. |
|
| 651 | 0 |
_aIndia _xPolitics and government _y1947- |
|
| 906 |
_a7 _bcbc _ccopycat _d3 _encip _f20 _gy-gencatlg |
||
| 942 |
_2ddc _cBK |
||
| 999 |
_c15268 _d15268 |
||